Stratiho Satanáš

Podrobná bibliografia
Hlavní autori: Bžoch, Jozef, 1926-2018 (Autor), Strati, Saverio (Autor)
Médium: Článok
Jazyk:slovenčina
Predmet:

MARC

LEADER 00000nab a2200000 a 4500
001 vtls000251738
003 SK-MaSNL
005 20260302220929.0
008 111130c1986 xo 0 slo
015 |a SNBRB19rr/mm-uuuuu 
035 |a CL0261852 
040 |a SNKBUCL  |b slo  |c SNKBUCL  |e AACR2 
041 0 |a slo 
044 |a xo  |c SK 
080 |a 82.09:850-3(048)  |2 1981 
080 |a 850-3(048)  |2 1981 
100 1 |a Bžoch, Jozef,  |d 1926-2018  |4 aut  |9 13856 
245 1 0 |a Stratiho Satanáš  |c Jozef Bžoch ; Saverio Strati 
500 |a V rubrike S knihou na sobotu. 
650 0 7 |a romány spoločenské  |2 snkbucl  |9 402806 
655 7 |a články z novín a časopisov  |2 snkbucl  |9 267496 
655 7 |a články z odboru literárna veda a krásna literatúra  |2 snkbucl  |9 770045 
700 1 |a Strati, Saverio  |4 aut  |9 621289 
773 0 |t Ľud  |g Roč. 39, č. 138 (14. 6. 1986), s. 4 
787 0 8 |i Rec.:  |a Strati, Saverio  |t Satanáš  |d Bratislava : Pravda, 1986 
850 |a Slovenská národná knižnica v Martine  |a MTA001 
852 |a SNK  |b KIS3GCP 
958 |a RK 
958 |a LX 
992 |a RBX 
999 |c 1509328  |d 1511258